JR西日本 三江線の駅 - Statistics

General Stats
  • This quiz has been taken 39 times
  • The average score is 15 of 35
Answer Stats
市町村 駅名 % Correct
江津市 江津
100%
石見川本
89%
三次
89%
江津本町
74%
浜原
63%
63%
邑智郡邑南町 宇都井
59%
尾関山
59%
邑智郡美郷町
56%
粕淵
52%
作木口
52%
三次市 長谷
48%
乙原
44%
三次市 伊賀和志
44%
安芸高田市 式敷
44%
千金
41%
川戸
41%
邑智郡邑南町 口羽
41%
川平
37%
石見簗瀬
37%
田津
33%
邑智郡川本町 因原
33%
三次市 香淀
33%
信木
33%
粟屋
33%
木路原
30%
明塚
30%
石見都賀
30%
石見川越
26%
鹿賀
26%
所木
26%
沢谷
22%
船佐
22%
石見松原
19%
江平
15%
No matching quizzes found
Score Distribution
Percent of People with Each Score
Percentile by Number Answered
Your Score History
You have not taken this quiz